000 00671nam a2200253Ia 4500
003 OSt
005 20221005073222.0
006 a|||||r|||| 00| 0
007 ta
008 221004b |||||||| |||| 00| 0 eng d
024 _a21595
037 _cTextual
040 _aCRL
_cCRL
_beng
041 _2eng
_aeng
082 _aY15k, N5.1-.2 (R R)
100 _aShah Giri Raj
_9132784
245 0 _aEncyclopaedia of woman's studies
260 _aNew Delhi
_bGyan
_c1995
300 _a376p, 840p
_ccm.
650 _a SOCIOLOGY
650 _aFEMINISM
942 _hY15k, N5.1-.2 (R R)
_cTEXL
_2cc
999 _c980771
_d980771